000 00427 a2200145 4500
999 _c8480
_d8480
020 _a9781780892665
050 _aPS3566PAT2016
100 _aPatterson, James
245 _aCross justice
_bthe toughest cases are the ones that hit closest to home /
_cJames Patterson
264 _aLondon
_bCentury
_c2016
300 _a420p.
500 _aInclude index
650 _aEnglish Literature---Fiction
942 _2lcc
_cBK
_h3551
_iANG
_kPS